Green purchasing a jeho realita v malých a středních podnicích

Pojem Green purchasing. Empirický výskum medzi výrobcami nábytku a spracovateľmi dreva v Českej republike.

Gespeichert in:
Bibliographische Detailangaben
1. Verfasser: Škapa, Radoslav
Weitere Verfasser: Barot, Vojtěch, Novotný, Jiří, Spišiaková, Magdaléna, Šotkovská, Marie, Tuhá, Martina
Format: Buchkapitel
Sprache:Tschechisch
Schlagworte:
Tags: Tag hinzufügen
Keine Tags, Fügen Sie das erste Tag hinzu!

MARC

LEADER 00000naa a2200000 4500
001 0183815
005 20231204120134.3
041 0 |a cze 
044 |a SK 
245 1 0 |a Green purchasing a jeho realita v malých a středních podnicích  |c Radoslav Škapa, Vojtěch Barot, Jiří Novotný, Magdaléna Spišiaková, Marie Šotkovská, Martina Tuhá 
520 |a Pojem Green purchasing. Empirický výskum medzi výrobcami nábytku a spracovateľmi dreva v Českej republike. 
610 2 0 |a politika environmentálna 
610 2 0 |a priemysel nábytkársky 
610 2 0 |a vzťahy dodávateľsko-odberateľské 
610 2 0 |a marketing environmentálny 
610 2 0 |a podnik malý 
610 2 0 |a podnik stredný 
100 1 |a Škapa, Radoslav 
700 1 |a Barot, Vojtěch 
700 1 |a Novotný, Jiří 
700 1 |a Spišiaková, Magdaléna 
700 1 |a Šotkovská, Marie 
700 1 |a Tuhá, Martina